Vocabulary - Work Experience - Statistiques

Statistiques générales
  • Ce quiz a été pris 9 fois
  • Le résultat moyen est 13 sur 23
Statistiques - réponses
Hint Réponse % Correct
Expérience professionnelle Work Expérience
100%
technicien (technical) engineer
83%
un stage à temps partiel/temps complet
a part-time/full-time internship
67%
livrable deliverable
67%
chiffrage du projet project cost estimate/project costing
67%
Demander un stage en entreprise to apply for a work placement / an internship
67%
un stage dans un bureau d'études / en recherche-développement en milieu industriel an industrial R&D internship
50%
une convention de stage an internship agreement
50%
un stage rémunéré/non rémunéré
a paid/unpaid internship
50%
une rémunération, une allocation, une indemnité
a stipend
50%
stagiaire a trainee / an intern
50%
un rapport de stage a work experience report / an internship report
50%
un tuteur a (workplace) mentor
50%
une agence branch office
50%
étude de faisabilité feasibility study
50%
siège social head office, headquarters
50%
Suivi monitoring
50%
évaluation des risques risk assessment
50%
Acquisition de compétences Skill Building
50%
Chercher un stage professionnel to look for a work placement / an internship
50%
gérer to manage
50%
un maître de stage a placement supervisor
33%
chargé d'affaires project manager
33%
Aucun quiz correspondant
Distribution des résultats
% des personnes avec chaque résultat
Percentile par nombre de réponses
Votre historique - résultats
Vous n’avez pas pris ce quiz